000 00520cam a2200193 a 4500
003 OSt
005 20150323111950.0
008 051114s1985 slv spa
020 _a84-7291-794-0
040 _cBMC
082 _a863
100 1 _aCervantes Saavedra, Miguel de
_d1547-1616
_926819
245 1 0 _aDon Quijote de la Mancha
_cMiguel de Cervantes
260 _aMadrid
_bSarpe
_c1985
300 _a2 v.
_c19 cm
490 _aNovelas inmortales
_v34, 35
650 2 4 _929289
_aNovela espaƱola
942 _2ddc
_cBK
999 _c17186
_d17186